| 000 | 00391nam a22001697a 4500 | ||
|---|---|---|---|
| 003 | OSt | ||
| 008 | 250411b |||||||| |||| 00| 0 eng d | ||
| 020 | _a9789393330390 | ||
| 082 | _a005.133 GOP | ||
| 100 | _aGOEL,Anita | ||
| 245 | _aPython Programming | ||
| 250 | _a- | ||
| 260 |
_aNew Delhi _bUniversity Press _c2025 |
||
| 300 | _a818 | ||
| 650 | _aPython Programming | ||
| 942 |
_2ddc _cBK |
||
| 999 |
_c13272 _d13272 |
||